Solo Leveling- Les Chasseurs de Rang S connus - Statistiques

Statistiques générales
  • Ce quiz a été pris 39 fois
  • Le résultat moyen est 9 sur 32
Statistiques - réponses
Pays d'affiliation Chasseur % Correct
Corée du Sud Sung Jinwoo
100%
Corée du Sud Cha Hae-In
94%
Corée du Sud Go Gunhee
66%
Corée du Sud Ma Dongwook
66%
Etats-Unis Thomas André
53%
Corée du Sud Baek Yonhoo
50%
Japon Goto Ryuji
50%
Corée du Sud Choi Jong-In
41%
Corée du Sud Choi Hasul
31%
Etats-Unis Hwang Dongsoo
31%
Chine Liu Zhigang
31%
Corée du Sud Min Byung-Gyu
31%
Etats-Unis Christopher Reed
25%
Corée du Sud Lim Tae-Gyu
25%
Brésil Jonas
16%
Corée du Sud Seo Jiwoo
16%
Inde Siddharth Bachchan
16%
Japon Kanae Tawata
13%
Allemagne Lennart Niermann
13%
Russie Youri Orloff
13%
Japon Akari Shimizu
9%
Japon Atsushi Kumamoto
9%
Corée du Sud Gang Hyeonmoo
9%
Japon Kenzo Tanaka
9%
Corée du Sud Eunseok
6%
Japon Ippei Izawa
6%
Canada Jay Mills
6%
Japon Kei
6%
Japon Mari Ishida
6%
Japon Minoru Hoshino
6%
Japon Reiji Sugimoto
6%
Japon Tatsumi Fujishima
6%
Aucun quiz correspondant
Distribution des résultats
% des personnes avec chaque résultat
Percentile par nombre de réponses
Votre historique - résultats
Vous n’avez pas pris ce quiz